00386nam a2200169Ia 4500003000400000005001700004008004100021020001500062040000700077041000800084082001900092100001900111245002500130260003200155300001600187365001300203OSt20230505133826.0210423s2006 xx 000 0 und d a8176489816 cAL aeng a660.60581 JAYN aJAYABALAN (N). aPlant biotechnology. aNew DelhibKing Booksc2006 axvi,370bPB b995cINR